000 00561nam a2200193Ia 4500
003 LK-CoDNM
005 20241126150704.0
008 010623t1994 xxu||||| |||| 00| 1 sin d
040 _aLK-CoDNM
_dLK-CoDNM
_eLK-CoDNM
041 _asin
080 _a294.3
_bMED
100 _aMedhananda Thero,Devalegama.
245 _aමුල් බුදුසාමය සාමයික පසුබිම
246 _aMul Budu Samaya Samaika Pasubima
260 _bWijayalakshmi
_aKadawatha
_c1994
300 _b135p. ; 21 cm
650 _aBUDDHISM
942 _cBK
999 _c116709
_d116709